Statystyki dla Najpopularniejsze marki aut w Polsce

Kliknij tutaj aby rozwiązać quiz!

Ogólne statystyki

  • Ten quiz został rozwiązany 294 razy
  • Średni wynik to 7 z 10

Statystyki odpowiedzi

pozycjamarka% Poprawnych
5BMW
95%
4Audi
93%
2Opel
80%
10Fiat
79%
9Skoda
75%
1Volkswagen
75%
7Toyota
71%
3Ford
68%
6Renault
56%
8Peugeot
48%

Rozkład punktacji

Percentyl według liczby udzielonych odpowiedzi

Procent ludzi z każdym wynikiem

Twoja historia wyników

Nie rozwiązałeś tego quizu